Statistics for KPOP: Guess the song by lyrics (Part 2)

Click here to take the quiz!

General Stats

  • This quiz has been taken 286 times
  • The average score is 6 of 20

Answer Stats

LyricsName% Correct
Chingureul mannaneura shy shy shy.Cheer Up
80%
Nae pi ttam nunmul. Nae majimak chumeul.Blood Sweat & Tears
62%
Every day, every night. Feel like a fool.If You Do
54%
Do you remember you remember remember what you said?HANN
46%
Wing wing wing wingBoomerang
42%
Shawty Imma party till the sun down.Love Me Right
42%
Neon areumdawo naui goddess.Monster
35%
Nuga mwo geopnaLatata
30%
Let's go up up. Dulmanui love. Brrrrrah.Never Ever
30%
My nunnunnunnu nunbitBboom Bboom
26%
Chong majeun geotcheoreom.Bang Bang Bang
24%
Na na na na na na. I know.Go
22%
Ppalli. Lalalalala.Lil Touch
22%
Everyday. Everynight. I can feel you.Beautiful
17%
Don't let'em in let'em in. Get out my zone. We we we never know.Bermuda Triangle
12%
Eongdeongil heundeureo bwaBingle Bangle
9%
Geoureda~ jikkeoryeobwa~ neoneun daeche nuguni.Fake Love
4%
Ojik neol wihae junbihan hyangsureul ppurigo.Black Dress
2%
Let's get funky funky.Retro Future
2%
Say woo woo woo. Woo woo woo.Dejavu
0%

Score Distribution

Percentile by Number Answered

Percent of People with Each Score

Your Score History

You have not taken this quiz